000 01096cam a2200241 4500
001 ABS68114
008 040806n2004 000 0 eng u
035 _a(Sirsi) u127020
100 _aLewsley, C.
245 _aPointe Gourde - the edifice shakes
260 _c2004
490 _aRating and Valuation Reporter
_v44(6) June 2004, 134-136(3)
520 _aThe historical development, content and application of Pointe Gourde principles were considered by Lord Nicholls in "Waters and Others v Welsh Development Agency" ([2004] UKHL 19, Abs67824). This article provides a commentary on "Waters" looking at issues such as value to the owner, open market value and special adaptability and the Land Compensation Act 1961 s6.
590 _aABS
590 _aABS
650 _aWATERS AND OTHERS V WELSH DEVELOPMENT AGENCY
650 _aMARKET VALUE
650 _aRANSOM VALUE
650 _aPOINTE GOURDE QUARRYING AND TRANSPORT CO LTD V CROWN LANDS SUPERINTENDENT
650 _aLAND COMPENSATION ACT 1961 S6
690 _aCOMPULSORY PURCHASE AND COMPENSATION-CASE LAW
942 _n0
999 _c117824
_d117824